00422nam a22001577a 4500003000400000005001700004008004100021020001500062040002900077050002400106100003900130245002200169260003600191300000900227650002800236OSt20250814100930.0250814b |||||||| |||| 00| 0 eng d a0440506999 cChuka University Library aBF 698.9b.K68 1992 aKroeger, Otto and Janet M. Thuesen aType talk at work aNew YorkbDell Publishingc1992 a400p aInternational relations